Medical assisting : (Record no. 574)

MARC details
000 -LEADER
fixed length control field 00716cam a2200217 a 4500
020 ## - INTERNATIONAL STANDARD BOOK NUMBER
ISBN 007294577X
020 ## - INTERNATIONAL STANDARD BOOK NUMBER
ISBN 0072974109 (pbk.)
050 ## - CALL NUMBER
Classification number R728.8.M4 MED REF
100 ## - AUTHOR
Personal name Ramutkowski ,Barbara
245 00 - TITLE
Title Medical assisting :
Remainder of title administrative and clinical competencies /
Statement of responsibility, etc Barbara Ramutkowski ... [et al.].
250 ## - EDITION
Edition statement 2nd ed.
260 ## - PUBLICATION INFORMATION
Place of publication Boston :
Name of publisher McGraw-Hill Higher Education,
Year of publication 2005.
300 ## - DESCRIPTION
Number of Pages xxiv, 1205 p. :
Other physical details col. ill. ;
Dimensions 29 cm. +
Accompanying material 1 CD-ROM.
500 ## - NOTES
General note Student tutorial included in CD-ROM.
500 ## - NOTES
General note Previous ed.: 1999.
650 #0 - SUBJECTS
Topical Term Medical assistants.
650 #0 - SUBJECTS
Topical Term Clinical competence.
650 #0 - SUBJECTS
Topical Term Medical offices
General subdivision Management.
700 1# - OTHER AUTHORS
Personal name Ramutkowski, Barbara.
942 ## - ADDED ENTRY ELEMENTS (KOHA)
Koha item type Books
Holdings
Withdrawn status Lost status Home library Current library Shelving location Date acquired Full call number Accession Number Copy number Koha item type
    Methodist University Library Wenchi Nursing Methodist University Library Wenchi Nursing General Stacks 30/10/2017 R728.8.M4 MED 37090 2 Books
    Methodist University Library Wenchi Nursing Methodist University Library Wenchi Nursing General Stacks 30/10/2017 R728.8.M4 MED 37092 3 Books
    Methodist University Library Wenchi Nursing Methodist University Library Wenchi Nursing Reference 04/09/2018 R728.8.M4 MED REF 37091 1 Books
    Methodist University Library Wenchi Nursing Methodist University Library Wenchi Nursing General Stacks 04/09/2018 R728.8.M4 MED REF 37089 4 Books
Copyright © 2026  MUG Library